01034nam a2200277 a 4500001001000000005001700010008004100027020001500068040001300083041000800096044000700104050002200111245010900133260008400242300004200326500003400368504003100402600007400433610002400507630003200531650003700563650004400600650002700644650005600671700002900727BRCA_124320190320203337.0011217s2001 sp-a---##b---#000-0#spa-# a8493116351 aDLCcDLC aspa asp 4aNA5060b.A75 200110aEl retablo mayor de la Catedral de Astorgabhistoria y restauraciónctextos Manuel Arias ... [et al.]. a[España]bFundación del Patrimonio Histórico de Castilla y Leónc[2001] a299 p.bil. (algunas a color)c30 cm. aIncluye apéndice documental aBibliografía: p. 297-29914aBecerra, Gaspard1520?-1568?tRetablo Mayor de la Catedral de Astorga24aCatedral de Astorga04aBibliapN.T.vIlustraciones14aEscultura renacentistazEspaña14aTalla en maderaxRenacimientozEspaña14aPolicromíazEspaña14aRetablosxConservación y restauraciónzEspaña1 aArias Martínez, Manuel